00349nam a2200133Ia 4500008004100000041000800041082001700049100001800066245004500084260004200129300002900171365000900200440000600209240624s9999 xx 000 0 und d aeng a650.144 MAR  aMARTIN CAROLE aWHAT TO SAY IN EVERY JOB INTERVIEW HOW T c2014aNew YorkbMcGraw Hill Education axix, 250 pages ; , 23 cm cb38 v1